000 00759nam a22001937a 4500
005 20100813123626.0
010 _aENG-99975
020 _a9788172087678
_c25.00
035 _aEN-83507
037 _bDBAD/PUB
082 _a230.35
100 _aKrystal, Phyllis
_912498
245 _aSuggestions for study group and individual use of the ceiling on desires program /
_cby Phyllis Krystal
260 _aAndhra Pradesh
_bSri Sathya Sai Sadhana Trust Publications Divisons
_c2009
270 _aPrasanthi Nilayam
_bAndhra Pradesh
_e515134
300 3 _a32p.
_c22cm (pbk)
942 _2ddc
_cEN
_h230.35
_mKRY
999 _c41582
_d41582